Oceliarstvo má široký rozmer K popredným spracovateľom na svete sa zaradili aj železiarne

Podrobná bibliografia
Hlavný autor: (jam) (Autor)
Korporatívny autor: Dom techniky ZSVTS (Košice, Slovensko) (Autor)
Médium: Článok
Jazyk:slovenčina
Predmet:

MARC

LEADER 00000nab a2200000 a 4500
001 vtls000925730
003 SK-MaSNL
005 20260303165453.0
008 140301e19960603xo 0 slo
035 |a KE34607 
040 |a KEVKJB  |b slo  |c KEVKJB  |e AACR2 
041 0 |a slo 
044 |a xo  |c SK 
080 |a 669.18  |2 1981 
100 0 |a (jam)  |4 aut  |9 907636 
245 1 0 |a Oceliarstvo má široký rozmer  |b K popredným spracovateľom na svete sa zaradili aj železiarne 
610 2 7 |a Východoslovenské železiarne (Košice, Slovensko)  |2 KEVKJB 
610 2 7 |a Dom techniky, Košice  |2 KEVKJB  |9 880772 
650 0 7 |a metalurgia ocele  |2 KEVKJB  |9 99604 
650 0 7 |a nové technológie  |2 KEVKJB  |9 70295 
650 0 7 |a konferencie  |2 KEVKJB  |9 19221 
651 7 |a Košice (Slovensko)  |2 KEVKJB  |9 18694 
710 2 |a Dom techniky ZSVTS (Košice, Slovensko)  |4 aut  |9 73273 
773 0 8 |t Hospodárske noviny, č.107, 3.6.1996, s. 4 
852 |a ZVYKNI  |b KIS3GCP 
999 |c 2071915  |d 2073845